[Event "10. LSS Anni P-00006"]
[Site "LSS"]
[Date "2016.04.13"]
[Round "?"]
[White "Gyimesi, Jeno"]
[Black "Shim Ng Min, Francis"]
[Result "1-0"]
[WhiteElo "1863"]
[BlackElo "1294"]
[PlyCount "41"]
[EventDate "2016.04.15"]
[SourceTitle "LSS to Dec2020"]
[Source "LSS ed TH"]
[SourceDate "2021.01.12"]
[SourceVersion "3"]
[SourceVersionDate "2021.01.12"]
[SourceQuality "1"]

1. e4 c5 2. Nf3 d6 3. Nc3 Nf6 4. d4 cxd4 5. Nxd4 Nc6 6. Be2 e5 7. Nf3 h6 8. O-O
Be7 9. Bc4 Bg4 10. Be3 O-O 11. Qe2 a6 12. Nd5 Nxd5 13. Bxd5 Bg5 14. h3 Bxf3 15.
Qxf3 Bxe3 16. fxe3 Qe7 17. Rf2 Kh8 18. Qg4 f6 19. Rd1 Nd8 20. Rf3 Rc8 21. Qxc8
1-0

[Event "Oberliga Bayern 1516"]
[Site "Bayern"]
[Date "2016.04.10"]
[Round "9.7"]
[White "Wutz, Christoph"]
[Black "Brumm, Carsten"]
[Result "1/2-1/2"]
[WhiteElo "2220"]
[BlackElo "2142"]
[PlyCount "55"]
[EventDate "2015.10.11"]
[EventType "team-tourn"]
[EventRounds "9"]
[EventCountry "GER"]
[SourceTitle "OM OTB B 201907"]
[Source "Opening Master"]
[SourceDate "2019.07.06"]
[SourceVersion "2"]
[SourceVersionDate "2019.07.06"]
[SourceQuality "1"]
[WhiteTeam "Regensburg Post/Sued"]
[BlackTeam "Erlangen SC"]
[WhiteTeamCountry "GER"]
[BlackTeamCountry "GER"]

1. e4 c5 2. Nf3 Nc6 3. d4 cxd4 4. Nxd4 Nf6 5. Nc3 d6 6. Be2 e5 7. Nb3 Be7 8.
O-O O-O 9. Be3 Be6 10. f4 d5 11. f5 d4 12. fxe6 fxe6 13. Bc4 Qc8 14. Bd2 dxc3
15. Bxc3 Nd4 16. Bd3 Qc6 17. Bxd4 exd4 18. e5 Nd5 19. Qh5 g6 20. Bxg6 hxg6 21.
Qxg6+ Kh8 22. Qh6+ Kg8 23. Qg6+ Kh8 24. Nxd4 Bc5 25. Qh6+ Kg8 26. Qg6+ Kh8 27.
Qh6+ Kg8 28. Qg6+ 1/2-1/2

[Event "FICS rated blitz game"]
[Site "FICS freechess.org"]
[Date "2016.04.07"]
[Round "?"]
[White "venazvz"]
[Black "IFDThor"]
[Result "0-1"]
[WhiteElo "2032"]
[BlackElo "2123"]
[PlyCount "58"]
[EventDate "2016.??.??"]
[EventType "blitz"]

1. e4 c5 2. Nf3 Nc6 3. Nc3 d6 4. d4 cxd4 5. Nxd4 Nf6 6. Be2 e5 7. Nb3 Be7 8.
O-O O-O 9. Kh1 Be6 10. f4 exf4 11. Bxf4 d5 12. exd5 Nxd5 13. Nxd5 Bxd5 14. Bf3
Bc4 15. Re1 Re8 16. c3 Qb6 17. Qc2 Rad8 18. Rad1 Rxd1 19. Rxd1 g5 20. Bg3 Rd8
21. Rxd8+ Qxd8 22. h3 Kg7 23. Bf2 Bd5 24. Qe2 Bf6 25. Qd1 Bxf3 26. Qxf3 h6 27.
Qe4 Qd1+ 28. Qe1 Qc2 29. Qc1 Qxf2 0-1

[Event "FICS rated standard game"]
[Site "FICS freechess.org"]
[Date "2016.04.06"]
[Round "?"]
[White "zhengqjf"]
[Black "urgoodbutimbetter"]
[Result "1-0"]
[WhiteElo "2120"]
[BlackElo "1924"]
[PlyCount "33"]
[EventDate "2016.??.??"]

1. e4 c5 2. Nf3 Nc6 3. d4 cxd4 4. Nxd4 Nf6 5. Nc3 d6 6. Be2 e5 7. Nb3 Be6 8.
O-O d5 9. exd5 Nxd5 10. Nxd5 Bxd5 11. c4 Be6 12. Be3 b6 13. c5 Bxb3 14. Qxb3
Bxc5 15. Bb5 Rc8 16. Qa4 Qc7 17. Rac1 1-0

[Event "HUN-chT2 Szechenyi 1516"]
[Site "Hungary"]
[Date "2016.04.03"]
[Round "10.3"]
[White "Toth, Kristof Istvan"]
[Black "Kozma, Karoly"]
[Result "0-1"]
[WhiteElo "1974"]
[BlackElo "2282"]
[PlyCount "76"]
[EventDate "2015.09.13"]
[EventType "team-tourn"]
[EventRounds "11"]
[EventCountry "HUN"]
[SourceTitle "OM OTB B 201907"]
[Source "Opening Master"]
[SourceDate "2019.07.06"]
[SourceVersion "2"]
[SourceVersionDate "2019.07.06"]
[SourceQuality "1"]

1. e4 c5 2. Nf3 d6 3. d4 cxd4 4. Nxd4 Nf6 5. Nc3 Nc6 6. Be2 e5 7. Nb3 Be7 8.
O-O O-O 9. Kh1 a5 10. a4 Nb4 11. f4 Bd7 12. Bf3 Bc6 13. Qe2 Re8 14. Rd1 Qc7 15.
Be3 b6 16. Qf2 Rab8 17. Rac1 Qb7 18. Nd2 exf4 19. Bxf4 Rbc8 20. Nc4 Nxe4 21.
Nxe4 Bxe4 22. Bxe4 Qxe4 23. Nxd6 Bxd6 24. Rxd6 Rxc2 25. Rxc2 Qxc2 26. Be3 Qxa4
27. Bxb6 Qb5 28. h3 h6 29. Bd4 Qg5 30. Rd7 Qg6 31. Bc3 Nd3 32. Qf1 Nc5 33. Ra7
Ne4 34. Be1 Re5 35. Ra8+ Kh7 36. Ra7 Ng3+ 37. Bxg3 Qxg3 38. Qb1+ f5 0-1

[Event "San Viator op-A 26th"]
[Site "San Viator"]
[Date "2016.04.03"]
[Round "1"]
[White "Luque Ibanez, Manuel"]
[Black "Martin Diaz, Juan"]
[Result "1-0"]
[WhiteElo "1961"]
[BlackElo "1678"]
[PlyCount "73"]
[EventDate "2016.04.03"]
[EventType "swiss"]
[EventRounds "9"]
[EventCountry "ESP"]
[SourceTitle "OM OTB B 201907"]
[Source "Opening Master"]
[SourceDate "2019.07.06"]
[SourceVersion "2"]
[SourceVersionDate "2019.07.06"]
[SourceQuality "1"]

1. e4 c5 2. Nf3 d6 3. d4 cxd4 4. Nxd4 Nf6 5. Nc3 Nc6 6. Be2 e5 7. Nb3 Be7 8.
Bg5 Nxe4 9. Nxe4 Bxg5 10. Qxd6 Be7 11. Qxd8+ Nxd8 12. O-O-O O-O 13. Nd6 Be6 14.
Nc5 b6 15. Bf3 Rb8 16. Na6 Bxd6 17. Rxd6 Rc8 18. b3 Bf5 19. c4 Ne6 20. Re1 Nc5
21. Nxc5 Rxc5 22. Bd5 Re8 23. Rxe5 Be6 24. Kd2 Kf8 25. b4 Rc7 26. Bxe6 Rxe6 27.
Rdxe6 fxe6 28. Kc3 Ke7 29. f4 Rd7 30. f5 Kf6 31. fxe6 Re7 32. Kd4 Rxe6 33.
Rxe6+ Kxe6 34. c5 h5 35. a4 g5 36. cxb6 axb6 37. a5 1-0

[Event "SLO-chT (Women)"]
[Site "Domzale"]
[Date "2016.04.02"]
[Round "3.1"]
[White "Novak, Ksenija"]
[Black "Vidic, Teja"]
[Result "1/2-1/2"]
[WhiteElo "2076"]
[BlackElo "2215"]
[PlyCount "80"]
[EventDate "2016.04.01"]
[EventType "team-tourn"]
[EventRounds "7"]
[EventCountry "SLO"]
[SourceTitle "OM OTB B 201907"]
[Source "Opening Master"]
[SourceDate "2019.07.06"]
[SourceVersion "2"]
[SourceVersionDate "2019.07.06"]
[SourceQuality "1"]
[WhiteTeam "Celjski (W)"]
[BlackTeam "Komenda (W)"]
[WhiteTeamCountry "SLO"]
[BlackTeamCountry "SLO"]

1. e4 c5 2. Nf3 d6 3. d4 cxd4 4. Nxd4 Nf6 5. Nc3 Nc6 6. Be2 e5 7. Nb3 Be7 8.
O-O h6 9. Be3 Be6 10. Bf3 O-O 11. Qe2 Na5 12. Nxa5 Qxa5 13. Rfd1 Rfd8 14. Qd2
Qc7 15. Nd5 Nxd5 16. exd5 Bf5 17. Rac1 b5 18. Be2 Qb7 19. c4 bxc4 20. Rxc4 Rdc8
21. Rdc1 Rxc4 22. Rxc4 Rc8 23. b3 Rxc4 24. Bxc4 Bd8 25. h3 Bb6 26. Qb4 Qc7 27.
Bxb6 axb6 28. Qa4 Bd7 29. Qa8+ Kh7 30. a4 f5 31. Qf8 Qc5 32. Qf7 Bc8 33. g4 Qb4
34. gxf5 Qe1+ 35. Bf1 Ba6 36. Qg6+ Kh8 37. Qe8+ Kh7 38. Qg6+ Kh8 39. Qe8+ Kh7
40. Qg6+ Kh8 1/2-1/2

[Event "FICS rated standard game"]
[Site "FICS freechess.org"]
[Date "2016.04.02"]
[Round "?"]
[White "trommy"]
[Black "qcbarber"]
[Result "0-1"]
[WhiteElo "1870"]
[BlackElo "2144"]
[PlyCount "70"]
[EventDate "2016.??.??"]

1. e4 c5 2. Nf3 Nc6 3. d4 cxd4 4. Nxd4 Nf6 5. Nc3 d6 6. Be2 e5 7. Nb3 Be6 8.
O-O a6 9. Kh1 b5 10. a3 Be7 11. f4 exf4 12. Bxf4 O-O 13. Qe1 Bxb3 14. cxb3 Nd4
15. Bd3 Nxb3 16. Rd1 Qb6 17. Nd5 Nxd5 18. exd5 Rfe8 19. Qg3 Nc5 20. Bh6 g6 21.
Bb1 Nd7 22. Rf2 Bf8 23. Bf4 Ne5 24. Rdf1 Bg7 25. h4 Rac8 26. h5 Nc4 27. hxg6
fxg6 28. Rf3 Qd4 29. b3 Nxa3 30. Rd3 Qf6 31. Rdf3 Nxb1 32. Bxd6 Qb2 33. Rf7 Nd2
34. Rxg7+ Qxg7 35. Rd1 Ne4 0-1

[Event "FICS rated lightning game"]
[Site "FICS freechess.org"]
[Date "2016.04.01"]
[Round "?"]
[White "mobilitybundle"]
[Black "Tirado"]
[Result "1-0"]
[WhiteElo "2062"]
[BlackElo "2063"]
[PlyCount "93"]
[EventDate "2016.??.??"]
[EventType "schev"]
[EventRounds "3"]

1. e4 c5 2. Nc3 Nc6 3. Nf3 d6 4. d4 cxd4 5. Nxd4 Nf6 6. Be2 e5 7. Nb3 Be7 8. g4
O-O 9. g5 Nd7 10. h4 a6 11. Nd5 Nb6 12. Nxe7+ Qxe7 13. Be3 Nd7 14. Qd2 b5 15.
O-O-O Bb7 16. Qxd6 Qxd6 17. Rxd6 Rfd8 18. Rhd1 Nf8 19. Nc5 Rxd6 20. Rxd6 Na5
21. b4 Ne6 22. Nxe6 fxe6 23. bxa5 Bxe4 24. Rxe6 Bd5 25. Rxe5 Bxa2 26. c4 Bxc4
27. Bxc4+ bxc4 28. Rc5 Re8 29. Rxc4 Re5 30. Rc5 Re4 31. Kc2 Rxh4 32. Kd3 Kf7
33. Rc6 Ra4 34. Rxa6 g6 35. Ra7+ Ke6 36. a6 Kf5 37. Rxh7 Rxa6 38. Rf7+ Kg4 39.
Rf6 Ra3+ 40. Ke2 Kh5 41. Kf3 Ra2 42. Kg3 Ra4 43. Rf8 Rg4+ 44. Kh3 Rh4+ 45. Kg3
Rg4+ 46. Kf3 Rh4 47. Rh8# 1-0

[Event "FICS rated blitz game"]
[Site "FICS freechess.org"]
[Date "2016.03.28"]
[Round "?"]
[White "Saaker"]
[Black "telebo"]
[Result "0-1"]
[WhiteElo "1915"]
[BlackElo "2132"]
[PlyCount "70"]
[EventDate "2016.??.??"]
[EventType "blitz"]

1. e4 c5 2. Nf3 d6 3. Be2 Nc6 4. d4 cxd4 5. Nxd4 Nf6 6. Nc3 e5 7. Nxc6 bxc6 8.
Bf3 Rg8 9. O-O g5 10. h3 h5 11. Bxh5 Nxh5 12. Qxh5 g4 13. h4 Be7 14. g3 Be6 15.
Be3 Kd7 16. f3 Rh8 17. Bh6 Qg8 18. fxg4 Bxg4 19. Qxf7 Rxh6 20. Kh2 Be6 21. Qxg8
Rxg8 22. Rad1 Bxh4 23. Na4 Bxg3+ 24. Kg2 Rh2+ 25. Kf3 Ke7 26. Rg1 Rh3 27. Rh1
Bg4+ 28. Ke3 Bf4+ 29. Kf2 Rf3+ 30. Kg2 Rg3+ 31. Kf2 Bxd1 32. Rh7+ Ke6 33. Rxa7
Rg2+ 34. Kf1 Rg1+ 35. Kf2 R8g2# 0-1

[Event "FICS rated standard game"]
[Site "FICS freechess.org"]
[Date "2016.03.27"]
[Round "?"]
[White "PeaoCoragem"]
[Black "qcbarber"]
[Result "0-1"]
[WhiteElo "1865"]
[BlackElo "2137"]
[PlyCount "38"]
[EventDate "2016.??.??"]

1. e4 c5 2. Nf3 Nc6 3. d4 cxd4 4. Nxd4 Nf6 5. Nc3 d6 6. Be2 e5 7. Nb3 Be6 8.
O-O a6 9. Be3 Be7 10. Nd5 Rc8 11. Nxe7 Nxe7 12. f3 d5 13. exd5 Nexd5 14. Bc1
Qb6+ 15. Kh1 O-O 16. Bd3 Nb4 17. Qe2 Nxd3 18. Qxd3 Bc4 19. Be3 Bxd3 0-1

[Event "OP-03997"]
[Site "LSS"]
[Date "2016.03.27"]
[Round "?"]
[White "Vontina, Maria"]
[Black "Cvak, Rudolf"]
[Result "0-1"]
[WhiteElo "731"]
[BlackElo "2077"]
[PlyCount "50"]
[EventDate "2016.03.21"]
[SourceTitle "LSS to Dec2020"]
[Source "LSS ed TH"]
[SourceDate "2021.01.12"]
[SourceVersion "3"]
[SourceVersionDate "2021.01.12"]
[SourceQuality "1"]

1. e4 c5 2. Nf3 Nc6 3. d4 cxd4 4. Nxd4 Nf6 5. Nc3 d6 6. Be2 e5 7. Ndb5 a6 8.
Na3 b5 9. Nd5 Nxe4 10. O-O Nf6 11. Bg5 Be6 12. Nxf6+ gxf6 13. Bh4 b4 14. Nc4 d5
15. Nd2 Be7 16. Rc1 Rg8 17. Bg3 f5 18. f4 e4 19. Nb3 d4 20. Bf2 Bf6 21. Kh1 Qd5
22. Re1 a5 23. Ra1 a4 24. Nd2 e3 25. Bf1 exf2 0-1

[Event "FICS rated lightning game"]
[Site "FICS freechess.org"]
[Date "2016.03.26"]
[Round "?"]
[White "shadew"]
[Black "edronga"]
[Result "1-0"]
[WhiteElo "2315"]
[BlackElo "2195"]
[PlyCount "59"]
[EventDate "2016.??.??"]
[EventType "schev"]
[EventRounds "3"]

1. e4 c5 2. Nf3 Nc6 3. d4 cxd4 4. Nxd4 Nf6 5. Nc3 d6 6. Be2 e5 7. Nxc6 bxc6 8.
O-O Be7 9. f4 O-O 10. Kh1 Rb8 11. Qd3 Qa5 12. b3 Rd8 13. Bd2 Qb6 14. Na4 Qc7
15. c4 Bg4 16. Rac1 exf4 17. Bxf4 Bxe2 18. Qxe2 Qa5 19. Bg3 Qh5 20. Qd3 Ng4 21.
Rf5 Qg6 22. Rcf1 d5 23. cxd5 cxd5 24. exd5 Bf6 25. Nc5 Rbc8 26. Ne4 h5 27.
Nxf6+ gxf6 28. Qf3 Rc2 29. Bh4 Re8 30. Bxf6 1-0

[Event "FICS rated lightning game"]
[Site "FICS freechess.org"]
[Date "2016.03.26"]
[Round "?"]
[White "shadew"]
[Black "edronga"]
[Result "1-0"]
[WhiteElo "2308"]
[BlackElo "2202"]
[PlyCount "71"]
[EventDate "2016.??.??"]
[EventType "schev"]
[EventRounds "3"]

1. e4 c5 2. Nf3 Nc6 3. d4 cxd4 4. Nxd4 Nf6 5. Nc3 d6 6. Be2 e5 7. Nxc6 bxc6 8.
O-O Be7 9. Kh1 O-O 10. f4 Be6 11. Qd3 Rb8 12. b3 exf4 13. Bxf4 Nd7 14. Rad1 Ne5
15. Qg3 Qa5 16. Bd2 Qc7 17. Bf4 Rfd8 18. Rd2 Ng6 19. Bg5 Bxg5 20. Qxg5 Rb4 21.
Rfd1 h6 22. Qg3 Qe7 23. Na4 d5 24. c3 Rxe4 25. Bf3 Re5 26. c4 d4 27. Rxd4 Rxd4
28. Rxd4 Bd5 29. h3 Re1+ 30. Kh2 Bxf3 31. Qxf3 Re3 32. Rd8+ Kh7 33. Qf2 Qe5+
34. Kg1 Re1+ 35. Qf1 Qe3+ 36. Kh2 1-0

[Event "FICS rated lightning game"]
[Site "FICS freechess.org"]
[Date "2016.03.26"]
[Round "?"]
[White "shadew"]
[Black "edronga"]
[Result "1-0"]
[WhiteElo "2315"]
[BlackElo "2195"]
[PlyCount "59"]
[EventDate "2016.??.??"]
[EventType "schev"]
[EventRounds "3"]

1. e4 c5 2. Nf3 Nc6 3. d4 cxd4 4. Nxd4 Nf6 5. Nc3 d6 6. Be2 e5 7. Nxc6 bxc6 8.
O-O Be7 9. f4 O-O 10. Kh1 Rb8 11. b3 Rb4 12. Qd3 Rd4 13. Qe3 Bg4 14. Bb2 Bxe2
15. Qxe2 c5 16. f5 Qa8 17. Rae1 Re8 18. Rf3 Kh8 19. h3 d5 20. exd5 e4 21. Re3
Bd6 22. Qb5 Bf4 23. R3e2 e3 24. Nd1 Rxd5 25. Nxe3 Bxe3 26. Rxe3 Rxe3 27. Rxe3
Rd1+ 28. Kh2 Qb8+ 29. Rg3 Nh5 30. Qxb8+ 1-0

[Event "Sao Paulo op-A U2300 4th"]
[Site "Sao Paulo"]
[Date "2016.03.25"]
[Round "2"]
[White "Awoki, Daniel Teidi"]
[Black "Noseda, Francesco"]
[Result "1/2-1/2"]
[WhiteElo "2111"]
[BlackElo "1974"]
[PlyCount "196"]
[EventDate "2016.03.24"]
[EventType "swiss"]
[EventRounds "7"]
[EventCountry "BRA"]
[SourceTitle "OM OTB B 201907"]
[Source "Opening Master"]
[SourceDate "2019.07.06"]
[SourceVersion "2"]
[SourceVersionDate "2019.07.06"]
[SourceQuality "1"]

1. e4 c5 2. Nf3 d6 3. d4 cxd4 4. Nxd4 Nf6 5. Nc3 Nc6 6. Be2 e5 7. Nb3 Be7 8. g4
h6 9. f3 Be6 10. Nd5 Bxd5 11. exd5 Nb8 12. Be3 Nfd7 13. Bf2 Bh4 14. Bg3 Bxg3+
15. hxg3 Nc5 16. Qd2 Nbd7 17. g5 h5 18. O-O-O Qc7 19. f4 g6 20. fxe5 Nxe5 21.
g4 h4 22. Bb5+ Ncd7 23. Qd4 a6 24. Bxd7+ Qxd7 25. Nc5 Qxg4 26. Qxg4 Nxg4 27.
Rde1+ Kd8 28. Nxb7+ Kd7 29. Rhf1 Rh7 30. Rf4 Rb8 31. Rxg4 Rxb7 32. Rh1 h3 33.
Rh2 Rb8 34. c4 Re8 35. Kd2 Re5 36. b4 Rh5 37. Kd3 Rexg5 38. Rxg5 Rxg5 39. Rxh3
Rg2 40. a3 Ra2 41. Kd4 Rb2 42. Kc3 Ra2 43. Kb3 Rf2 44. Rg3 Rf4 45. a4 Kc7 46.
a5 Rf5 47. Kc3 Kd7 48. Rg4 Rf3+ 49. Kb2 Kc7 50. Kc2 Kb7 51. Re4 g5 52. Re7+ Kc8
53. Ra7 g4 54. Rxa6 g3 55. Ra8+ Kb7 56. Rg8 f5 57. b5 f4 58. Rg7+ Kb8 59. a6
Ra3 60. Kb2 Ra4 61. Kc3 Ra1 62. Kd4 f3 63. b6 Rxa6 64. Rxg3 Rxb6 65. Rxf3 Kc7
66. Rf7+ Kd8 67. Ke4 Rb1 68. Rf3 Rc1 69. Kf5 Kd7 70. Rg3 Re1 71. Ra3 Re2 72.
Ra1 Rf2+ 73. Ke4 Re2+ 74. Kd3 Rh2 75. Ra7+ Kd8 76. Kc3 Rh1 77. Kb4 Rb1+ 78. Ka5
Rb2 79. Rh7 Rb1 80. Ka6 Rb4 81. Rh4 Kd7 82. Rg4 Kc7 83. Ka5 Rb1 84. Rg7+ Kd8
85. Rg2 Kd7 86. Ka4 Kc7 87. Ka3 Kd7 88. Rb2 Rc1 89. Kb3 Kc7 90. Rc2 Rb1+ 91.
Kc3 Rh1 92. Re2 Kd7 93. Re3 Rc1+ 94. Kd4 Rd1+ 95. Rd3 Re1 96. c5 dxc5+ 97. Kxc5
Rc1+ 98. Kd4 Rh1 1/2-1/2

[Event "AUT-ch U16"]
[Site "St Veit"]
[Date "2016.03.24"]
[Round "7"]
[White "Burrer, Fabian"]
[Black "Bankier, Maximilian"]
[Result "1-0"]
[WhiteElo "1741"]
[BlackElo "1757"]
[PlyCount "61"]
[EventDate "2016.03.20"]
[EventType "swiss"]
[EventRounds "7"]
[EventCountry "AUT"]
[SourceTitle "OM OTB B 201907"]
[Source "Opening Master"]
[SourceDate "2019.07.06"]
[SourceVersion "2"]
[SourceVersionDate "2019.07.06"]
[SourceQuality "1"]

1. e4 c5 2. Nf3 d6 3. d4 cxd4 4. Nxd4 Nf6 5. Nc3 Nc6 6. Be2 e5 7. Nb3 Be7 8.
O-O O-O 9. Kh1 a5 10. a4 Nb4 11. f4 Bd7 12. Bf3 Bc6 13. Qe2 Qc7 14. fxe5 dxe5
15. Be3 Rfd8 16. Qf2 Nd7 17. Bg4 Rf8 18. Bxd7 Qxd7 19. Nc5 Qg4 20. Rad1 f5 21.
Nd5 Bh4 22. Qf3 Qxf3 23. gxf3 Nxc2 24. Bf2 Bxf2 25. Rxf2 Nd4 26. Ne7+ Kh8 27.
Nxc6 bxc6 28. Nd7 Rfe8 29. Nxe5 Rad8 30. Nf7+ Kg8 31. Nxd8 1-0

[Event "SRB-ch sf"]
[Site "Belgrade"]
[Date "2016.03.21"]
[Round "1"]
[White "Roska, Branislav"]
[Black "Bogosavljevic, Boban"]
[Result "0-1"]
[WhiteElo "2145"]
[BlackElo "2521"]
[PlyCount "78"]
[EventDate "2016.03.21"]
[EventType "swiss"]
[EventRounds "9"]
[EventCountry "SRB"]
[SourceTitle "OM OTB B 201907"]
[Source "Opening Master"]
[SourceDate "2019.07.06"]
[SourceVersion "2"]
[SourceVersionDate "2019.07.06"]
[SourceQuality "1"]

1. e4 c5 2. Nf3 Nc6 3. d4 cxd4 4. Nxd4 Nf6 5. Nc3 d6 6. Be2 e5 7. Nb3 Be7 8.
O-O O-O 9. Be3 a5 10. Nd2 Be6 11. Nc4 b5 12. Nxb5 Nxe4 13. Nb6 Rb8 14. Nd5 Nb4
15. Nxe7+ Qxe7 16. a3 Nd5 17. Bc1 Rfd8 18. a4 Nb4 19. c3 Na6 20. f4 f5 21. Be3
Nc7 22. c4 Na6 23. b3 Nb4 24. Bf3 Nc5 25. Bd5 Bxd5 26. cxd5 exf4 27. Bxc5 dxc5
28. d6 Qe3+ 29. Kh1 h6 30. Rc1 Kh8 31. Rc3 Qe5 32. Rcf3 Nd5 33. Qd2 Ne3 34. Re1
Kh7 35. Qxa5 c4 36. bxc4 Rxd6 37. Qc7 Rxb5 38. cxb5 Rd1 39. Qa5 Qa1 0-1

[Event "Leipzig VfB op 23rd"]
[Site "Leipzig"]
[Date "2016.03.19"]
[Round "8"]
[White "Alvermann, Christian"]
[Black "Dobierzin, Olaf"]
[Result "0-1"]
[WhiteElo "1904"]
[BlackElo "2011"]
[PlyCount "50"]
[EventDate "2016.03.15"]
[EventType "swiss"]
[EventRounds "9"]
[EventCountry "GER"]
[SourceTitle "OM OTB B 201907"]
[Source "Opening Master"]
[SourceDate "2019.07.06"]
[SourceVersion "2"]
[SourceVersionDate "2019.07.06"]
[SourceQuality "1"]

1. e4 c5 2. Nf3 d6 3. d4 cxd4 4. Nxd4 Nf6 5. Nc3 Nc6 6. Be2 e5 7. Nb3 Be7 8.
Be3 Be6 9. O-O O-O 10. h3 a5 11. a4 Nb4 12. Bf3 Rc8 13. Qd2 d5 14. exd5 Nfxd5
15. Bxd5 Nxd5 16. Nxd5 Qxd5 17. Qxa5 Rxc2 18. Qxd5 Bxd5 19. Na5 Bb4 20. Rfd1
Be4 21. f3 Bxa5 22. fxe4 Rxb2 23. Rd5 b6 24. Rxe5 Bc3 25. Re7 Re2 0-1

[Event "FICS rated lightning game"]
[Site "FICS freechess.org"]
[Date "2016.03.19"]
[Round "?"]
[White "shadew"]
[Black "edronga"]
[Result "1-0"]
[WhiteElo "2240"]
[BlackElo "2198"]
[PlyCount "81"]
[EventDate "2016.??.??"]
[EventType "schev"]
[EventRounds "3"]

1. e4 c5 2. Nf3 Nc6 3. d4 cxd4 4. Nxd4 Nf6 5. Nc3 d6 6. Be2 e5 7. Nxc6 bxc6 8.
O-O Be7 9. Kh1 O-O 10. f4 Rb8 11. fxe5 dxe5 12. Bc4 Be6 13. Bxe6 fxe6 14. Qxd8
Rfxd8 15. b3 Bb4 16. Bb2 Rd2 17. Rac1 Rf8 18. Nb1 Re2 19. c3 Bc5 20. b4 Rxb2
21. bxc5 Nxe4 22. Na3 Rxf1+ 23. Rxf1 Nxc3 24. Nc4 Rxa2 25. Nxe5 Nd5 26. Rb1 h6
27. Nxc6 Rc2 28. Nd4 Rxc5 29. Nxe6 Rc8 30. Nd4 a5 31. h3 Ra8 32. Rb5 Nc3 33.
Rc5 Ne4 34. Re5 Nc3 35. Rc5 Ne4 36. Rc7 a4 37. Ne6 a3 38. Rxg7+ Kh8 39. Rg4 a2
40. Rxe4 a1=Q+ 41. Kh2 1-0

[Event "FICS rated lightning game"]
[Site "FICS freechess.org"]
[Date "2016.03.19"]
[Round "?"]
[White "shadew"]
[Black "edronga"]
[Result "0-1"]
[WhiteElo "2249"]
[BlackElo "2189"]
[PlyCount "68"]
[EventDate "2016.??.??"]
[EventType "schev"]
[EventRounds "3"]

1. e4 c5 2. Nf3 Nc6 3. d4 cxd4 4. Nxd4 Nf6 5. Nc3 d6 6. Be2 e5 7. Nxc6 bxc6 8.
O-O Be7 9. f4 O-O 10. Kh1 Rb8 11. Be3 Rxb2 12. Bxa7 Qa5 13. fxe5 dxe5 14. Qc1
Ba3 15. Nb1 Qxa7 16. Rf3 Rxb1 17. Qxb1 Bc5 18. Qf1 Ng4 19. g3 Nf2+ 20. Kg2 Bh3+
21. Kg1 Ng4+ 22. Kh1 Bxf1 23. Raxf1 Bd4 24. Bc4 Nf2+ 25. Kg2 Qc5 26. Bb3 g5 27.
h3 h5 28. Rf5 g4 29. hxg4 hxg4 30. Rf6 Kg7 31. Rf5 Qd6 32. Rh1 Nxh1 33. Kxh1
Qh6+ 34. Kg2 Qh3# 0-1

[Event "FICS rated lightning game"]
[Site "FICS freechess.org"]
[Date "2016.03.19"]
[Round "?"]
[White "shadew"]
[Black "edronga"]
[Result "0-1"]
[WhiteElo "2242"]
[BlackElo "2196"]
[PlyCount "72"]
[EventDate "2016.??.??"]
[EventType "schev"]
[EventRounds "3"]

1. e4 c5 2. Nf3 Nc6 3. d4 cxd4 4. Nxd4 Nf6 5. Nc3 d6 6. Be2 e5 7. Nb3 Be7 8.
O-O O-O 9. Kh1 a5 10. f3 a4 11. Nd2 Be6 12. Nc4 d5 13. exd5 Nxd5 14. Nxd5 Bxd5
15. Ne3 Be6 16. Bd3 Nd4 17. c3 Nc6 18. Qc2 g6 19. Rd1 Qc7 20. Be4 Rfd8 21. Nd5
Bxd5 22. Bxd5 Nb4 23. Qe4 Nxd5 24. Rxd5 Rxd5 25. Qxd5 Rd8 26. Qxd8+ Qxd8 27.
Be3 Qd3 28. Bg1 e4 29. fxe4 Qxe4 30. Rd1 a3 31. bxa3 Bxa3 32. Rd4 Qe1 33. Rd5
Bb2 34. h3 Bxc3 35. Kh2 Be5+ 36. Kh1 Bg3 0-1

[Event "POL-ch U16"]
[Site "Szklarska Poreba"]
[Date "2016.03.18"]
[Round "7"]
[White "Choina, Michal"]
[Black "Gumularz, Szymon"]
[Result "0-1"]
[WhiteElo "1792"]
[BlackElo "2287"]
[PlyCount "98"]
[EventDate "2016.03.13"]
[EventType "swiss"]
[EventRounds "9"]
[EventCountry "POL"]
[SourceTitle "OM OTB B 201907"]
[Source "Opening Master"]
[SourceDate "2019.07.06"]
[SourceVersion "2"]
[SourceVersionDate "2019.07.06"]
[SourceQuality "1"]

1. e4 c5 2. Nf3 d6 3. d4 cxd4 4. Nxd4 Nf6 5. Nc3 Nc6 6. Be2 e5 7. Nb3 Be7 8.
O-O O-O 9. Be3 a5 10. a4 Nb4 11. Qd2 Be6 12. Bf3 Qc7 13. Rac1 Qc6 14. Bg5 Rfd8
15. Rfd1 h6 16. Be3 Bc4 17. Nd5 Nfxd5 18. exd5 Qc7 19. Be4 Qd7 20. Nxa5 Rxa5
21. Qxb4 Rxa4 22. Qd2 Ba6 23. Bd3 f5 24. b3 Ra2 25. Ra1 Rxa1 26. Rxa1 Bxd3 27.
Qxd3 Bf6 28. Ra7 Re8 29. Qa6 f4 30. Bd2 Qg4 31. f3 Qg6 32. Qxb7 e4 33. Ra8 exf3
34. Rxe8+ Kh7 35. Re2 fxe2 36. Kf2 Qe4 37. Qb5 f3 38. gxf3 Bh4+ 39. Kg2 e1=N+
40. Bxe1 Qxe1 41. Qd3+ g6 42. c4 Qf2+ 43. Kh3 Bf6 44. Qe4 Be5 45. f4 Qxf4 46.
Qe2 g5 47. Qc2+ Kg7 48. Qe2 h5 49. Qxh5 Qxh2+ 0-1

[Event "POL-ch U18 Girls"]
[Site "Szklarska Poreba"]
[Date "2016.03.17"]
[Round "6"]
[White "Sliwicka, Alicja"]
[Black "Wozniak, Mariola"]
[Result "0-1"]
[WhiteElo "2093"]
[BlackElo "2154"]
[PlyCount "120"]
[EventDate "2016.03.13"]
[EventType "swiss"]
[EventRounds "9"]
[EventCountry "POL"]
[SourceTitle "OM OTB B 201907"]
[Source "Opening Master"]
[SourceDate "2019.07.06"]
[SourceVersion "2"]
[SourceVersionDate "2019.07.06"]
[SourceQuality "1"]

1. e4 c5 2. Nf3 Nc6 3. d4 cxd4 4. Nxd4 Nf6 5. Nc3 d6 6. Be2 e5 7. Nf3 h6 8. O-O
Be7 9. Re1 O-O 10. Bf1 Be6 11. Nd5 Bxd5 12. exd5 Nb4 13. c4 a5 14. h3 Nd7 15.
a3 Na6 16. Qe2 Re8 17. Qc2 Nac5 18. Be3 a4 19. Nd2 Bg5 20. Ne4 Nxe4 21. Qxe4
Bxe3 22. Rxe3 Nc5 23. Qc2 Rc8 24. Rae1 Qd7 25. g4 g6 26. Rg3 Qd8 27. Be2 Kg7
28. Kg2 e4 29. Rh1 Qf6 30. h4 Qe5 31. Rhh3 Rc7 32. Re3 Qd4 33. h5 g5 34. Qc3
Qxc3 35. Rxc3 Re5 36. Rhe3 f5 37. gxf5 Rxf5 38. f3 exf3+ 39. Rxf3 Rxf3 40. Bxf3
Re7 41. Bd1 Re1 42. Bc2 Re2+ 43. Kf3 Rh2 44. Kg3 Rxh5 45. Re3 Rh4 46. b4 axb3
47. Bxb3 Kf6 48. Ba2 Rf4 49. Re8 Ne4+ 50. Kg2 Rf2+ 51. Kg1 Rxa2 52. Rxe4 Kf5
53. Re6 h5 54. Rxd6 h4 55. Rb6 g4 56. d6 h3 57. Rxb7 g3 58. Rb1 Kg4 59. Kh1 h2
60. d7 Kh3 0-1

[Event "FICS rated lightning game"]
[Site "FICS freechess.org"]
[Date "2016.03.16"]
[Round "?"]
[White "shadew"]
[Black "jjfchess"]
[Result "1-0"]
[WhiteElo "2366"]
[BlackElo "2003"]
[PlyCount "39"]
[EventDate "2016.??.??"]
[EventType "schev"]
[EventRounds "3"]

1. e4 c5 2. Nf3 d6 3. d4 cxd4 4. Nxd4 Nf6 5. Nc3 Nc6 6. Be2 e5 7. Nxc6 bxc6 8.
O-O Be7 9. f4 O-O 10. Kh1 exf4 11. Bxf4 d5 12. Bd3 dxe4 13. Nxe4 Nxe4 14. Bxe4
Qxd1 15. Raxd1 Bb7 16. Rd7 c5 17. Bxb7 Rab8 18. Bxb8 Rxb8 19. Rxe7 Rxb7 20.
Re8# 1-0